[Event "6.Torneo de Promoción Almansa 2011"]
[Site "Almansa ESP"]
[Date "2011.08.11"]
[Round "5.12"]
[White "Jimenez De La Torre, Jose A"]
[Black "Laliena Solanes, Luis"]
[Result "1-0"]
[WhiteElo "2138"]
[BlackElo "2197"]
[PlyCount "49"]
[EventDate "2011.08.09"]
[EventType "swiss"]
[EventRounds "9"]
[EventCountry "ESP"]
[Source "lmi"]
[SourceDate "2011.08.09"]

1. e4 c6 2. Nc3 d5 3. Qf3 Nf6 4. e5 Nfd7 5. d4 e6 6. Qg3 c5 7. Nf3 Nc6 8. Nb5
g6 9. Be3 a6 10. Nd6+ Bxd6 11. exd6 cxd4 12. Nxd4 e5 13. Nxc6 bxc6 14. f4 Qf6
15. O-O-O Qxd6 16. fxe5 Nxe5 17. Bc5 Qe6 18. Re1 f6 19. h4 Kf7 20. Be2 Bd7 21.
h5 Rae8 22. Rhf1 Kg7 23. Qh4 Rhg8 24. h6+ Kh8 25. Rxf6 1-0

[Event "6.Torneo de Promoción Almansa 2011"]
[Site "Almansa ESP"]
[Date "2011.08.11"]
[Round "5.13"]
[White "Pena Riasco, Alexander"]
[Black "Garrido Fernandez, Javier"]
[Result "1-0"]
[WhiteElo "2193"]
[BlackElo "2002"]
[PlyCount "83"]
[EventDate "2011.08.09"]
[EventType "swiss"]
[EventRounds "9"]
[EventCountry "ESP"]
[Source "lmi"]
[SourceDate "2011.08.09"]

1. e4 Nf6 2. e5 Nd5 3. d4 d6 4. c4 Nb6 5. exd6 exd6 6. Nc3 Be7 7. Nf3 Bg4 8.
Be2 Nc6 9. O-O O-O 10. d5 Bxf3 11. Bxf3 Ne5 12. b3 Bf6 13. Bd2 a5 14. Be2 a4
15. f4 Ned7 16. Bd3 Nc5 17. Bc2 axb3 18. axb3 Rxa1 19. Qxa1 Bd4+ 20. Kh1 Qf6
21. Qe1 Qd8 22. Nb5 Re8 23. Qb1 Be3 24. Bxh7+ Kh8 25. Bxe3 Rxe3 26. Bc2 Qe7 27.
Nd4 Qf6 28. Nf5 Re8 29. Qd1 g6 30. Ng3 Qh4 31. b4 Ncd7 32. c5 Nc8 33. Ba4 Re7
34. Bxd7 Rxd7 35. Qa1+ Kh7 36. Ne4 Rd8 37. Nf6+ Kg7 38. Ne8+ Kf8 39. Nxc7 Ne7
40. cxd6 Rxd6 41. Qa8+ Kg7 42. Ne8+ 1-0

[Event "6.Torneo de Promoción Almansa 2011"]
[Site "Almansa ESP"]
[Date "2011.08.11"]
[Round "5.14"]
[White "Jordan Martinez, Miguel"]
[Black "Mengual Bolo, Carles"]
[Result "1-0"]
[WhiteElo "2189"]
[BlackElo "2094"]
[PlyCount "173"]
[EventDate "2011.08.09"]
[EventType "swiss"]
[EventRounds "9"]
[EventCountry "ESP"]
[Source "lmi"]
[SourceDate "2011.08.09"]

1. e4 e5 2. Nf3 Nf6 3. Bc4 Nc6 4. d3 Bc5 5. c3 d6 6. O-O O-O 7. Nbd2 Qe7 8. Re1
Na5 9. Bb5 a6 10. Ba4 b5 11. Bc2 Bb6 12. Nf1 Ng4 13. Re2 f5 14. h3 fxe4 15.
dxe4 Nf6 16. Ng3 Qe8 17. Bg5 Nc6 18. Bb3+ Kh8 19. Be3 Bxe3 20. Rxe3 Na5 21. Nh4
Nxb3 22. axb3 Bb7 23. b4 Qe6 24. Qe2 Rae8 25. Nf3 g6 26. Re1 Kg7 27. Qd2 h6 28.
R3e2 Rf7 29. Nh4 Ng8 30. Qe3 Ref8 31. Kh2 Bc8 32. Rh1 Ne7 33. Nf3 Nc6 34. Kg1
Nd8 35. Nh2 Rf4 36. f3 Qe7 37. Rd2 h5 38. Ne2 R4f7 39. Kf1 Ne6 40. Ke1 Qe8 41.
Nf1 Qc6 42. Qd3 Qb6 43. Ne3 Bb7 44. Nd5 Bxd5 45. Qxd5 Nf4 46. Nxf4 Rxf4 47. Ke2
g5 48. Rd3 R8f7 49. Ra1 g4 50. hxg4 hxg4 51. Rh1 g3 52. Re3 R7f6 53. Rh3 Rg6
54. Qa8 Rf8 55. Qd5 a5 56. bxa5 Qxa5 57. Qc6 Qa2 58. Qxb5 c6 59. Qb4 Qb1 60.
Kd2 Rf7 61. Re1 Qa2 62. Reh1 Qa7 63. Rh7+ Kf8 64. Rxf7+ Kxf7 65. Rh7+ Rg7 66.
Qc4+ Kg6 67. Rh3 Kf6 68. Rh6+ Rg6 69. Rxg6+ Kxg6 70. Qe6+ Kh7 71. Qh3+ Kg7 72.
Qxg3+ Kf8 73. Qh4 Qa2 74. Qf6+ Kg8 75. Qd8+ Kf7 76. Qc7+ Kg8 77. Qb8+ Kf7 78.
g4 Qb1 79. g5 Qf1 80. Qc7+ Ke6 81. Qc8+ Ke7 82. Qxc6 Qg2+ 83. Kd3 Qxf3+ 84. Kc4
Qe2+ 85. Kb3 Qd1+ 86. Ka2 Qc2 87. g6 1-0

[Event "6.Torneo de Promoción Almansa 2011"]
[Site "Almansa ESP"]
[Date "2011.08.11"]
[Round "5.15"]
[White "Plaza Agudo, Juan Francisco"]
[Black "Ontanon Gomez, Pablo"]
[Result "1/2-1/2"]
[WhiteElo "2035"]
[BlackElo "2104"]
[PlyCount "50"]
[EventDate "2011.08.09"]
[EventType "swiss"]
[EventRounds "9"]
[EventCountry "ESP"]
[Source "lmi"]
[SourceDate "2011.08.09"]

1. Nf3 c5 2. b3 Nc6 3. Bb2 d5 4. d4 cxd4 5. Nxd4 e6 6. e3 Nf6 7. Bd3 Be7 8. O-O
O-O 9. a3 Qc7 10. Nd2 Ne5 11. Be2 Ng6 12. c4 dxc4 13. Nxc4 Rd8 14. Qc1 Bd7 15.
Nd2 Qxc1 16. Rfxc1 e5 17. N4f3 Bg4 18. Bf1 Bd6 19. h3 Bxf3 20. Nxf3 Nd7 21. Rd1
Nc5 22. Bc4 h6 23. Rac1 e4 24. Nd4 Ne5 25. Nb5 Ned3 1/2-1/2

[Event "6.Torneo de Promoción Almansa 2011"]
[Site "Almansa ESP"]
[Date "2011.08.12"]
[Round "6.1"]
[White "Chueca Forcen, Alberto"]
[Black "Aranda Marin, Cristian"]
[Result "1/2-1/2"]
[WhiteElo "2323"]
[BlackElo "2310"]
[PlyCount "61"]
[EventDate "2011.08.09"]
[EventType "swiss"]
[EventRounds "9"]
[EventCountry "ESP"]
[Source "lmi"]
[SourceDate "2011.08.09"]

1. d4 e6 2. e4 d5 3. Nd2 Nf6 4. e5 Nfd7 5. Bd3 c5 6. c3 Nc6 7. Ne2 cxd4 8. cxd4
f6 9. exf6 Nxf6 10. O-O Bd6 11. Nf3 Qc7 12. g3 O-O 13. Bf4 e5 14. dxe5 Nxe5 15.
Nxe5 Bxe5 16. Rc1 Qd6 17. Qd2 Bh3 18. Bxe5 Qxe5 19. Rfe1 Ne4 20. Bxe4 dxe4 21.
Nf4 Bg4 22. Qd5+ Qxd5 23. Nxd5 Bf3 24. Nc3 Rac8 25. Re3 Rfd8 26. Rce1 Rd3 27.
h3 Rxe3 28. Rxe3 Rd8 29. Kf1 Rd2 30. b3 Kf7 31. Ke1 1/2-1/2

[Event "6.Torneo de Promoción Almansa 2011"]
[Site "Almansa ESP"]
[Date "2011.08.12"]
[Round "6.2"]
[White "Serna Lara, Sergio"]
[Black "Cruz Lledo, Pablo"]
[Result "1/2-1/2"]
[WhiteElo "2253"]
[BlackElo "2269"]
[PlyCount "89"]
[EventDate "2011.08.09"]
[EventType "swiss"]
[EventRounds "9"]
[EventCountry "ESP"]
[Source "lmi"]
[SourceDate "2011.08.09"]

1. d4 d5 2. c4 c6 3. Nf3 Nf6 4. Nc3 dxc4 5. e3 b5 6. a4 Nd5 7. Ne5 e6 8. axb5
Bb4 9. Qa4 Bxc3+ 10. bxc3 Nxc3 11. Qxc4 Nxb5 12. Nxc6 Nxc6 13. Qxb5 Bd7 14. Qc5
Rc8 15. Ba6 Rc7 16. Qa3 Qe7 17. Bd2 O-O 18. Qxe7 Nxe7 19. Ke2 Nd5 20. Rhc1 h6
21. e4 Rxc1 22. Rxc1 Nb6 23. Rc7 Ra8 24. Ba5 Ba4 25. Kd3 Be8 26. f4 h5 27. h3
Ba4 28. g4 hxg4 29. hxg4 Bd1 30. g5 Ba4 31. Bb4 Be8 32. Bc5 Ba4 33. Kc3 Bd1 34.
Bb7 Rb8 35. Kb4 Bf3 36. Bxb6 axb6 37. Kb5 Rd8 38. d5 Bxe4 39. dxe6 Bd3+ 40.
Kxb6 fxe6 41. Kc5 Kh7 42. Bc8 Rd5+ 43. Kc6 Rf5 44. Bxe6 Rxf4 45. Kd6 1/2-1/2

[Event "6.Torneo de Promoción Almansa 2011"]
[Site "Almansa ESP"]
[Date "2011.08.12"]
[Round "6.3"]
[White "Kovacevic, Slobodan"]
[Black "Gil Quilez, David"]
[Result "1-0"]
[WhiteElo "2325"]
[BlackElo "2182"]
[PlyCount "105"]
[EventDate "2011.08.09"]
[EventType "swiss"]
[EventRounds "9"]
[EventCountry "ESP"]
[Source "lmi"]
[SourceDate "2011.08.09"]

1. d4 f5 2. Nf3 Nf6 3. h3 d5 4. Bf4 e6 5. e3 c5 6. c3 Nc6 7. Nbd2 Bd6 8. Bb5
O-O 9. Bxd6 Qxd6 10. O-O Ne7 11. Ne5 a6 12. Be2 Nc6 13. f4 cxd4 14. exd4 b5 15.
a3 Rb8 16. Nb3 Qc7 17. Bd3 Nd7 18. Qe2 Ncxe5 19. fxe5 Qd8 20. Kh2 Qe7 21. Na5
Rb6 22. b4 Bb7 23. Rf2 Rc8 24. Rc1 Qg5 25. Rc2 Nf8 26. g4 fxg4 27. Qxg4 Qxg4
28. hxg4 Bc6 29. Nb3 Be8 30. Nc5 Rc7 31. a4 Rf7 32. axb5 axb5 33. Rxf7 Kxf7 34.
Ra2 Rb8 35. Ra7+ Kg8 36. Kg3 h6 37. Kf4 Bf7 38. Ke3 Be8 39. Kd2 Bf7 40. Na6 Rb6
41. Nc7 h5 42. gxh5 Bxh5 43. Bxb5 g5 44. Bd3 g4 45. Be2 Rb8 46. Na6 Re8 47. Nc5
Rb8 48. Ke3 Re8 49. b5 Rb8 50. Ra6 Be8 51. b6 g3 52. b7 Nd7 53. Ra8 1-0

[Event "6.Torneo de Promoción Almansa 2011"]
[Site "Almansa ESP"]
[Date "2011.08.12"]
[Round "6.4"]
[White "Carrascoso Morales, Abel"]
[Black "Martinez Piqueras, Carlos"]
[Result "1/2-1/2"]
[WhiteElo "2263"]
[BlackElo "2158"]
[PlyCount "103"]
[EventDate "2011.08.09"]
[EventType "swiss"]
[EventRounds "9"]
[EventCountry "ESP"]
[Source "lmi"]
[SourceDate "2011.08.09"]

1. e4 c5 2. Nf3 Nc6 3. Bb5 Nf6 4. d3 Qa5+ 5. Nc3 Nd4 6. Bc4 b5 7. Bb3 Nxb3 8.
cxb3 Bb7 9. O-O e6 10. Bg5 d6 11. Nd2 a6 12. f4 Qb6 13. Kh1 h6 14. Bh4 Qc6 15.
Qe2 Be7 16. Nf3 b4 17. Nd1 O-O 18. Ne3 Kh8 19. f5 Qe8 20. Bxf6 Bxf6 21. Ng4 Qe7
22. Nxf6 Qxf6 23. g4 exf5 24. gxf5 d5 25. Rae1 dxe4 26. dxe4 Rfe8 27. Qc2 Rad8
28. Kg1 Qd6 29. e5 Qd3 30. Qxd3 Rxd3 31. e6 fxe6 32. Ne5 Rd2 33. Rf2 Rxf2 34.
Kxf2 Kg8 35. Nd3 Rf8 36. Rxe6 Rxf5+ 37. Ke3 Rh5 38. Rb6 Rh3+ 39. Kd2 Rxh2+ 40.
Ke3 Rh3+ 41. Kd2 Be4 42. Nxc5 Rh2+ 43. Ke3 Bb1 44. a4 bxa3 45. bxa3 Ba2 46. Kd4
a5 47. Ra6 Rh3 48. b4 axb4 49. axb4 Rh4+ 50. Kc3 Rc4+ 51. Kd3 Rxb4 52. Rxa2
1/2-1/2

[Event "6.Torneo de Promoción Almansa 2011"]
[Site "Almansa ESP"]
[Date "2011.08.12"]
[Round "6.5"]
[White "Alcaraz Ortega, Javier"]
[Black "Romero Berruezo, Francisco"]
[Result "0-1"]
[WhiteElo "2248"]
[BlackElo "2161"]
[PlyCount "86"]
[EventDate "2011.08.09"]
[EventType "swiss"]
[EventRounds "9"]
[EventCountry "ESP"]
[Source "lmi"]
[SourceDate "2011.08.09"]

1. d4 e6 2. c4 Bb4+ 3. Nd2 f5 4. Ngf3 Nf6 5. a3 Be7 6. Qc2 d5 7. Ne5 c6 8. g3
O-O 9. Bg2 Nbd7 10. Nd3 a5 11. b3 Ne4 12. O-O Bd6 13. f3 Nxd2 14. Bxd2 Qe7 15.
c5 Bc7 16. e4 b6 17. Rfe1 Qf6 18. Bc3 Ba6 19. Rad1 Bxd3 20. Rxd3 Rfe8 21. Bb2
bxc5 22. dxc5 Be5 23. Bxe5 Nxe5 24. Rdd1 fxe4 25. fxe4 Rab8 26. Qc3 Ng4 27.
Qxf6 Nxf6 28. Rd3 Rb5 29. exd5 exd5 30. Rxe8+ Nxe8 31. Rc3 Nf6 32. Bf1 Rb7 33.
Bd3 Kf7 34. Kf2 Ke6 35. Ke2 Ke5 36. Ba6 Ra7 37. Bc8 Kd4 38. Rc2 Re7+ 39. Kf3
Re3+ 40. Kf4 Rxb3 41. a4 Rb8 42. Bf5 Rb4 43. g4 g6 0-1

[Event "6.Torneo de Promoción Almansa 2011"]
[Site "Almansa ESP"]
[Date "2011.08.12"]
[Round "6.6"]
[White "Navarro Ortiz De Ortuno, Borja"]
[Black "Mingarro Carceller, Sergi"]
[Result "1/2-1/2"]
[WhiteElo "2216"]
[BlackElo "2069"]
[PlyCount "108"]
[EventDate "2011.08.09"]
[EventType "swiss"]
[EventRounds "9"]
[EventCountry "ESP"]
[Source "lmi"]
[SourceDate "2011.08.09"]

1. d4 Nf6 2. c4 c5 3. d5 b5 4. Nf3 b4 5. Qc2 d6 6. e4 Nbd7 7. Bd3 g6 8. O-O Bg7
9. Re1 Qc7 10. h3 O-O 11. Bf4 Nh5 12. Be3 e5 13. dxe6 fxe6 14. Nbd2 Bb7 15.
Rad1 Rae8 16. Bf1 Nb6 17. g3 Nf6 18. Bg2 Nfd7 19. Nh2 Nb8 20. f4 Nc6 21. e5
dxe5 22. Bxc5 Nd4 23. Bxd4 exd4 24. Bxb7 Qxb7 25. Nhf3 Nd7 26. Ne4 e5 27. c5
Qc6 28. Qc4+ Kh8 29. Neg5 h6 30. Nf7+ Kh7 31. N7xe5 Nxe5 32. Nxe5 Bxe5 33. fxe5
Qf3 34. Qe2 Qxg3+ 35. Qg2 Qh4 36. Re4 Qe7 37. Rexd4 Qxc5 38. Qd5 Rxe5 39. Qxc5
Rxc5 40. Rd7+ Kg8 41. Rxa7 Rg5+ 42. Kh1 Re5 43. Ra6 Kg7 44. Rb6 Re4 45. Rd7+
Rf7 46. Rxf7+ Kxf7 47. Kg1 Rc4 48. b3 Rc1+ 49. Kf2 Rc2+ 50. Kf3 Rxa2 51. Rxb4
Kf6 52. h4 Rc2 53. Rf4+ Ke5 54. Re4+ Kf5 1/2-1/2

[Event "6.Torneo de Promoción Almansa 2011"]
[Site "Almansa ESP"]
[Date "2011.08.12"]
[Round "6.7"]
[White "Martinez Lopez, David"]
[Black "Pena Riasco, Alexander"]
[Result "0-1"]
[WhiteElo "2183"]
[BlackElo "2193"]
[PlyCount "56"]
[EventDate "2011.08.09"]
[EventType "swiss"]
[EventRounds "9"]
[EventCountry "ESP"]
[Source "lmi"]
[SourceDate "2011.08.09"]

1. e4 d5 2. exd5 Qxd5 3. Nc3 Qa5 4. d4 Nf6 5. Nf3 Bf5 6. Bd2 c6 7. Bc4 e6 8.
Ne4 Qc7 9. Nxf6+ gxf6 10. c3 Nd7 11. Qe2 O-O-O 12. Nh4 Bg6 13. f4 Bd6 14. Nxg6
hxg6 15. O-O f5 16. b4 Nf6 17. h3 Ne4 18. Rf3 g5 19. fxg5 Rdg8 20. Qe1 Nxg5 21.
Bxg5 Rxg5 22. Qd2 Rhg8 23. Bf1 Qd8 24. b5 cxb5 25. Rb1 Bc7 26. Rxb5 Qd6 27. Kf2
Rxg2+ 28. Bxg2 Rxg2+ 0-1

[Event "6.Torneo de Promoción Almansa 2011"]
[Site "Almansa ESP"]
[Date "2011.08.12"]
[Round "6.8"]
[White "Del Valle Millan, David"]
[Black "Jordan Martinez, Miguel"]
[Result "1/2-1/2"]
[WhiteElo "2015"]
[BlackElo "2189"]
[PlyCount "55"]
[EventDate "2011.08.09"]
[EventType "swiss"]
[EventRounds "9"]
[EventCountry "ESP"]
[Source "lmi"]
[SourceDate "2011.08.09"]

1. e4 e5 2. Nf3 Nc6 3. Bc4 Nf6 4. d3 Be7 5. Nc3 O-O 6. O-O d6 7. h3 Na5 8. Bb3
c5 9. Be3 Nxb3 10. axb3 Ne8 11. b4 b6 12. bxc5 bxc5 13. b4 cxb4 14. Nd5 Be6 15.
Nxb4 a5 16. Nc6 Qc7 17. Nxe7+ Qxe7 18. Ng5 Bd7 19. f4 Nf6 20. c4 Bc6 21. f5 Nd7
22. Qh5 h6 23. Nf3 Rfe8 24. Nh2 Nf6 25. Qe2 Reb8 26. g4 Nh7 27. f6 Nxf6 28. g5
1/2-1/2

[Event "6.Torneo de Promoción Almansa 2011"]
[Site "Almansa ESP"]
[Date "2011.08.12"]
[Round "6.9"]
[White "Navarrete Espi, Samuel"]
[Black "Jimenez De La Torre, Jose A"]
[Result "1/2-1/2"]
[WhiteElo "2169"]
[BlackElo "2138"]
[PlyCount "45"]
[EventDate "2011.08.09"]
[EventType "swiss"]
[EventRounds "9"]
[EventCountry "ESP"]
[Source "lmi"]
[SourceDate "2011.08.09"]

1. e4 e5 2. Nf3 Nf6 3. d4 Nxe4 4. Bd3 Nc6 5. d5 Nc5 6. dxc6 e4 7. Bc4 exf3 8.
Qxf3 Qe7+ 9. Be3 dxc6 10. Nc3 Be6 11. Bxc5 Qxc5 12. Bxe6 fxe6 13. O-O-O Bd6 14.
Ne4 Qe5 15. Nxd6+ cxd6 16. Rhe1 Qg5+ 17. Kb1 Qe7 18. Qg4 e5 19. Qb4 O-O-O 20.
Rd3 Rhe8 21. Rb3 d5 22. Qa4 b5 23. Qa6+ 1/2-1/2

[Event "6.Torneo de Promoción Almansa 2011"]
[Site "Almansa ESP"]
[Date "2011.08.12"]
[Round "6.10"]
[White "Ontanon Gomez, Pablo"]
[Black "Castella Garcia, Fausto"]
[Result "1/2-1/2"]
[WhiteElo "2104"]
[BlackElo "2326"]
[PlyCount "55"]
[EventDate "2011.08.09"]
[EventType "swiss"]
[EventRounds "9"]
[EventCountry "ESP"]
[Source "lmi"]
[SourceDate "2011.08.09"]

1. e4 c5 2. Nf3 e6 3. d4 cxd4 4. Nxd4 a6 5. Bd3 Nc6 6. Nb3 Nf6 7. O-O d5 8. Nc3
Be7 9. Re1 d4 10. Ne2 e5 11. c3 dxc3 12. Nxc3 Bg4 13. Be2 Qxd1 14. Bxd1 Be6 15.
Be3 Nb4 16. Nc1 O-O 17. a3 Nc6 18. Bb3 Nd4 19. Bxd4 exd4 20. Nd5 Bxd5 21. exd5
Rfe8 22. Nd3 Bd6 23. Rxe8+ Rxe8 24. Re1 Kf8 25. Rxe8+ Kxe8 26. Kf1 Ke7 27. Ke2
b6 28. Ne1 1/2-1/2

[Event "6.Torneo de Promoción Almansa 2011"]
[Site "Almansa ESP"]
[Date "2011.08.12"]
[Round "6.11"]
[White "Martinez Rubi, Alberto"]
[Black "Berrocal, Jorge"]
[Result "0-1"]
[WhiteElo "2063"]
[BlackElo "2261"]
[PlyCount "92"]
[EventDate "2011.08.09"]
[EventType "swiss"]
[EventRounds "9"]
[EventCountry "ESP"]
[Source "lmi"]
[SourceDate "2011.08.09"]

1. e4 e6 2. d4 d5 3. Nc3 Nf6 4. Bg5 Be7 5. e5 Nfd7 6. Bxe7 Qxe7 7. f4 a6 8. Nf3
c5 9. dxc5 Nc6 10. Qd2 O-O 11. Bd3 f6 12. exf6 Qxf6 13. O-O Nxc5 14. g3 Bd7 15.
Rae1 Rac8 16. a3 Be8 17. Rf2 Nxd3 18. cxd3 Bg6 19. Ne5 Rfe8 20. Nxc6 Rxc6 21.
Re5 Bf5 22. Rf1 Qg6 23. d4 Rec8 24. Re3 h5 25. Rc1 Rc4 26. b3 R4c6 27. Qe1 Qf6
28. Re5 Qf8 29. b4 a5 30. Na2 Rc4 31. Rc3 Rxc3 32. Nxc3 axb4 33. axb4 Qf7 34.
Na4 Rc2 35. Re2 Qf6 36. Rd2 Rc4 37. Nc5 Rxb4 38. Nd7 Qd8 39. Rd1 Rb2 40. Nc5
Qb6 41. Qe5 Rc2 42. Qb8+ Kh7 43. Qxb7 Qa5 44. Qa6 Qc3 45. Qf1 Qe3+ 46. Kh1 Rxc5
0-1

[Event "6.Torneo de Promoción Almansa 2011"]
[Site "Almansa ESP"]
[Date "2011.08.12"]
[Round "6.12"]
[White "Buendia Pinar, Alvaro"]
[Black "Diez Fraile, David"]
[Result "1/2-1/2"]
[WhiteElo "1941"]
[BlackElo "2196"]
[PlyCount "49"]
[EventDate "2011.08.09"]
[EventType "swiss"]
[EventRounds "9"]
[EventCountry "ESP"]
[Source "lmi"]
[SourceDate "2011.08.09"]

1. d4 Nf6 2. c4 c5 3. e3 g6 4. Nc3 Bg7 5. Nf3 O-O 6. Bd3 cxd4 7. exd4 d5 8. c5
Nc6 9. O-O Bg4 10. Be2 Ne4 11. Be3 Nxc5 12. dxc5 Bxf3 13. Bxf3 d4 14. Bd2 dxc3
15. Bxc3 Bxc3 16. Qxd8 Rfxd8 17. bxc3 Rac8 18. Rab1 Rc7 19. Rfe1 Rdd7 20. Rxb7
Rxb7 21. Bxc6 Rbc7 22. Bxd7 Rxd7 23. Kf1 Rc7 24. Re4 Rxc5 25. Rxe7 1/2-1/2

[Event "6.Torneo de Promoción Almansa 2011"]
[Site "Almansa ESP"]
[Date "2011.08.12"]
[Round "6.14"]
[White "Martin Hernandez, Ruben"]
[Black "Fozzani, Emmanuel"]
[Result "1-0"]
[WhiteElo "2128"]
[BlackElo "2095"]
[PlyCount "75"]
[EventDate "2011.08.09"]
[EventType "swiss"]
[EventRounds "9"]
[EventCountry "ESP"]
[Source "lmi"]
[SourceDate "2011.08.09"]

1. c4 Nf6 2. Nf3 e6 3. g3 Be7 4. Bg2 O-O 5. O-O c5 6. d4 cxd4 7. Nxd4 d6 8. Nc3
a6 9. b3 Nbd7 10. Bb2 Qc7 11. Rc1 Re8 12. Qd2 Bf8 13. Rfd1 Rb8 14. Ba3 Rd8 15.
h3 h6 16. Qe3 Qa5 17. Nc2 Qc7 18. Nd4 Qa5 19. Bb2 Qc7 20. g4 Re8 21. Qg3 Be7
22. Ba3 Ne5 23. Nf3 Nfd7 24. Ne4 Rd8 25. Bxd6 Bxd6 26. Nxd6 Nxf3+ 27. Bxf3 a5
28. Rd2 Nc5 29. Rcd1 Rf8 30. g5 hxg5 31. Qxg5 e5 32. Qxe5 Bxh3 33. Qh5 Bd7 34.
Kg2 Ne6 35. e3 Bc6 36. Rh1 Bxf3+ 37. Kxf3 Qc6+ 38. Rd5 1-0

[Event "6.Torneo de Promoción Almansa 2011"]
[Site "Almansa ESP"]
[Date "2011.08.12"]
[Round "6.15"]
[White "Barranco Cara, Francisco Javier"]
[Black "Plaza Agudo, Juan Francisco"]
[Result "1-0"]
[WhiteElo "2120"]
[BlackElo "2035"]
[PlyCount "79"]
[EventDate "2011.08.09"]
[EventType "swiss"]
[EventRounds "9"]
[EventCountry "ESP"]
[Source "lmi"]
[SourceDate "2011.08.09"]

1. d4 d5 2. Nf3 Nf6 3. c4 c6 4. Nc3 dxc4 5. a4 Bf5 6. e3 e6 7. Bxc4 Bb4 8. O-O
O-O 9. Qe2 Bg4 10. h3 Bh5 11. g4 Bg6 12. Ne5 Nd5 13. Bd2 Nxc3 14. bxc3 Bd6 15.
Nxg6 hxg6 16. f4 Nd7 17. e4 Nb6 18. Bb3 c5 19. a5 Nd7 20. e5 Bc7 21. f5 cxd4
22. cxd4 Re8 23. fxg6 fxg6 24. Qe4 Nxe5 25. Be3 Nc6 26. Rad1 Qh4 27. Rf3 Rf8
28. Bxe6+ Kh8 29. Bf2 Qh6 30. Rdd3 Rxf3 31. Rxf3 Re8 32. h4 Nd8 33. g5 Qh5 34.
d5 Nxe6 35. dxe6 Kh7 36. Kg2 Re7 37. Bc5 Re8 38. Bf8 Qxf3+ 39. Qxf3 Rxe6 40.
Qf7 1-0

[Event "6.Torneo de Promoción Almansa 2011"]
[Site "Almansa ESP"]
[Date "2011.08.12"]
[Round "7.1"]
[White "Pena Riasco, Alexander"]
[Black "Chueca Forcen, Alberto"]
[Result "1/2-1/2"]
[WhiteElo "2193"]
[BlackElo "2323"]
[PlyCount "104"]
[EventDate "2011.08.09"]
[EventType "swiss"]
[EventRounds "9"]
[EventCountry "ESP"]
[Source "lmi"]
[SourceDate "2011.08.09"]

1. e4 Nf6 2. e5 Nd5 3. d4 d6 4. c4 Nb6 5. exd6 cxd6 6. Nc3 g6 7. Nf3 Bg7 8. Be2
O-O 9. b3 Nc6 10. Be3 Nd7 11. Rc1 Nf6 12. d5 Nb8 13. h3 Nbd7 14. O-O a6 15. Nd4
Re8 16. Bd3 Nc5 17. Bb1 e5 18. dxe6 Nxe6 19. Nxe6 Bxe6 20. Qf3 Qe7 21. Rfd1
Rad8 22. Bg5 h6 23. Bh4 g5 24. Bg3 g4 25. Qd3 d5 26. c5 Qxc5 27. Bh4 Qb4 28. a3
Qxb3 29. hxg4 Qc4 30. Qxc4 dxc4 31. Rxd8 Rxd8 32. Ne4 Nxe4 33. Bxd8 Bb2 34. Re1
Nd2 35. Bf5 b5 36. Bxe6 fxe6 37. Rxe6 c3 38. Rc6 Nc4 39. Bf6 Ba1 40. Bxc3 Bxc3
41. a4 Kg7 42. axb5 axb5 43. Rc5 Bf6 44. Rxb5 Ne5 45. f3 Kg6 46. Kf2 Nd3+ 47.
Ke3 Ne5 48. Ke4 Nf7 49. Kd5 Ne5 50. Ke6 Nd3 51. g3 Ne1 52. Rb3 Nc2 1/2-1/2

[Event "6.Torneo de Promoción Almansa 2011"]
[Site "Almansa ESP"]
[Date "2011.08.12"]
[Round "7.2"]
[White "Cruz Lledo, Pablo"]
[Black "Kovacevic, Slobodan"]
[Result "1-0"]
[WhiteElo "2269"]
[BlackElo "2325"]
[PlyCount "141"]
[EventDate "2011.08.09"]
[EventType "swiss"]
[EventRounds "9"]
[EventCountry "ESP"]
[Source "lmi"]
[SourceDate "2011.08.09"]

1. d4 Nf6 2. Nf3 e6 3. Bg5 Be7 4. e3 c5 5. c3 b6 6. Nbd2 Bb7 7. Bd3 a6 8. a4 d6
9. O-O Nbd7 10. Qe2 h6 11. Bxf6 Bxf6 12. e4 Qc7 13. Nc4 O-O 14. Rfe1 d5 15.
exd5 Bxd5 16. Ne3 Bb7 17. Ng4 cxd4 18. cxd4 Rfc8 19. Nfe5 Bxe5 20. Nxe5 Nxe5
21. dxe5 Qc5 22. Rad1 Qb4 23. Bc2 Rd8 24. h3 Rac8 25. Rxd8+ Rxd8 26. Rd1 Rxd1+
27. Bxd1 g6 28. b3 Qc3 29. Kh2 Bd5 30. f4 a5 31. Qf2 Kg7 32. Qg3 Qd2 33. Bg4
Kh7 34. h4 Qc2 35. h5 g5 36. Bf3 Bxf3 37. Qxf3 Qf5 38. fxg5 Qxe5+ 39. g3 Qf5
40. g6+ fxg6 41. Qb7+ Kg8 42. Qb8+ Kg7 43. Qc7+ Kf6 44. Qd8+ Ke5 45. Qc7+ Ke4
46. Qc6+ Kd3 47. Qc4+ Kd2 48. Qd4+ Kc2 49. hxg6 Qxg6 50. Qxb6 Qh5+ 51. Kg1 Qe5
52. Kh2 Qd5 53. Qb5 Kc3 54. Qb6 h5 55. Qb5 Kd4 56. b4 axb4 57. Qxb4+ Kd3 58. a5
e5 59. Qa3+ Ke2 60. a6 Qd2 61. a7 Kf1+ 62. Kh3 Qg2+ 63. Kh4 Qe4+ 64. Kg5 Qa8
65. Qa1+ Kg2 66. Qb2+ Kxg3 67. Qb8 Qe4 68. a8=Q Qg4+ 69. Kf6 Qf4+ 70. Ke6 Qh6+
71. Kxe5 1-0

[Event "6.Torneo de Promoción Almansa 2011"]
[Site "Almansa ESP"]
[Date "2011.08.12"]
[Round "7.3"]
[White "Aranda Marin, Cristian"]
[Black "Serna Lara, Sergio"]
[Result "1-0"]
[WhiteElo "2310"]
[BlackElo "2253"]
[PlyCount "129"]
[EventDate "2011.08.09"]
[EventType "swiss"]
[EventRounds "9"]
[EventCountry "ESP"]
[Source "lmi"]
[SourceDate "2011.08.09"]

1. d4 d5 2. c4 c6 3. Nc3 Nf6 4. e3 a6 5. Nf3 Bf5 6. Ne5 Nbd7 7. Qb3 Qc7 8. Nxd7
Qxd7 9. Na4 Qc7 10. cxd5 cxd5 11. Nc5 Rb8 12. Bd2 e6 13. Qa4+ Qc6 14. Qxc6+
bxc6 15. Na4 Ne4 16. Bxa6 e5 17. dxe5 Bd7 18. Bd3 c5 19. Bxe4 dxe4 20. b3 c4
21. Nc3 cxb3 22. axb3 Bc6 23. Rb1 Bb4 24. Ne2 Be7 25. Nd4 Bd5 26. O-O Bc5 27.
Nf5 g6 28. Nh6 Bxb3 29. Rfc1 Bf8 30. Ng4 Be7 31. Rc3 Rd8 32. Rcxb3 Rxd2 33.
Rb8+ Rd8 34. Rxd8+ Bxd8 35. Rb4 Kd7 36. Rxe4 Ke6 37. f4 h5 38. Nf2 Bb6 39. Kf1
Ra8 40. Ke2 Kd5 41. Rb4 Ra2+ 42. Kf3 Bc5 43. Rb1 Ra3 44. Rd1+ Ke6 45. Rd3 Ra1
46. Rc3 Be7 47. g3 Ra2 48. h3 Bb4 49. Rb3 Ra4 50. Ne4 Be7 51. Rb6+ Kd7 52. g4
hxg4+ 53. hxg4 Ra5 54. Rb7+ Ke8 55. g5 Ra6 56. Nf2 Ra3 57. Ng4 Rc3 58. Nh6 Ra3
59. Ng8 Bc5 60. Nf6+ Kd8 61. Rxf7 Bxe3 62. Rg7 Bc1+ 63. Kg4 Ra4 64. Nd5 Rd4 65.
Ne7 1-0

[Event "6.Torneo de Promoción Almansa 2011"]
[Site "Almansa ESP"]
[Date "2011.08.12"]
[Round "7.4"]
[White "Romero Berruezo, Francisco"]
[Black "Berrocal, Jorge"]
[Result "1-0"]
[WhiteElo "2161"]
[BlackElo "2261"]
[PlyCount "63"]
[EventDate "2011.08.09"]
[EventType "swiss"]
[EventRounds "9"]
[EventCountry "ESP"]
[Source "lmi"]
[SourceDate "2011.08.09"]

1. Nf3 g6 2. c4 Bg7 3. e4 d6 4. d4 Nf6 5. Nc3 O-O 6. Be2 e5 7. O-O Nc6 8. d5
Ne7 9. a4 a5 10. b3 Ne8 11. Ba3 b6 12. b4 axb4 13. Bxb4 f5 14. a5 fxe4 15. Nxe4
Bf5 16. Nfd2 c5 17. Bc3 bxa5 18. Ra3 Bd7 19. Qa1 Nf5 20. Rxa5 Rxa5 21. Qxa5 Qe7
22. Rb1 Nf6 23. Rb7 Nxe4 24. Nxe4 Qh4 25. Bd3 Bc8 26. Ra7 Qh5 27. Qc7 Qd1+ 28.
Bf1 Qc2 29. f3 Qc1 30. Bd2 Qb2 31. g4 Qd4+ 32. Kh1 1-0